Wards of Merton, London (2002 - 2022) - Statistics

General Stats
  • This quiz has been taken 21 times
  • The average score is 7 of 20
Answer Stats
Answer % Correct
Colliers Wood
63%
Merton Park
63%
Raynes Park
63%
Pollards Hill
50%
Village
50%
West Barnes
50%
Wimbledon Park
50%
Abbey
38%
Cricket Green
38%
Dundonald
38%
Lower Morden
38%
Ravensbury
38%
Trinity
38%
Figge's Marsh
25%
Graveney
25%
Longthornton
25%
St Helier
25%
Cannon Hill
13%
Hillside
13%
Lavender Fields
0%
No matching quizzes found
Score Distribution
Percent of People with Each Score
Percentile by Number Answered
Your Score History
You have not taken this quiz